| 000 | 00370nam a22001697a 4500 | ||
|---|---|---|---|
| 005 | 20160429142934.0 | ||
| 008 | 160429b xxu||||| |||| 00| 0 eng d | ||
| 020 | _a81-297-0805-1 | ||
| 041 | _aeng | ||
| 082 | _b00909 | ||
| 100 |
_aRowe, Alan J. _9254 |
||
| 245 | _aCreative intelligence | ||
| 260 | _c2005 | ||
| 300 | _a173 | ||
| 650 |
_aManagement _9241 |
||
| 942 | _cBK | ||
| 999 |
_c293 _d293 |
||